000 00751nam a2200205 4500
001 138032
003 ES-MaACL
005 20250905161928.0
007 t|
008 070214s1923 sp r ||||1| spa d
100 1 _aSánchez-Lucas, Julio G.
_9102737
245 1 0 _aSobre la existencia de cromoblastos en el epitalio esclero-corneal /
_cJulio G. Sánchez-Lucas y Rafael Vara López.
260 _a[S. l. :
_bs. n.,
_c1923]
300 _a5 p., 1 lám. ;
_c21 cm.
500 _aEs tirada aparte de: Boletín de la Sociedad Española de Biología, año X, fascículo IX, 1923.
700 1 _aVara López, Rafael,
_d1904-1982
_9113112
710 2 _aSociedad Española de Biología.
_96711
852 _aES-MaACL
_j1680-F-20
999 _c138032
_d138032